Historiaa kirjaimittain - D - Statistics

Yleistilastot
  • Tätä visaa on pelattu 1 870 kertaa
  • Keskiarvotulos 8 / 20
Vastaustilastot
Vihje Vastaus % Oikein
Mona Lisan maalaaja Leonardo da Vinci
96%
"Lajien synnyn" kirjoittaja Charles Darwin
74%
Tiibetistä paennut uskonnollinen johtaja Dalai-lama
65%
Sulavia kelloja maalannut surrealistinen taiteilija Salvador Dali
64%
Alfred Nobelin keksintö Dynamiitti
61%
Nimitys Normandian maihinnousun alkamispäivälle D-Day
57%
Toisen maailmansodan lopussa lähes kokonaan tuhottu Saksan kaupunki Dresden
53%
Kirjoitti muun muassa teokset "Rikos ja rangaistus" sekä "Idiootti" Fjodor Dostojevski
53%
Lähi-idässä sijaitseva pääkaupunki, joka on yksi maailman vanhimmista kaupungeista Damaskos
49%
Nimitys muinaisten kelttiläisten papeille Druidi
35%
Portugalista Intiaan purjehtinut tutkimusmatkailija Vasco da Gama
35%
Benito Mussolinin käyttämä titteli Duce
34%
"Ajattelen, siis olen" René Descartes
32%
Ranskan presidentti 1959–1969 Charles de Gaulle
30%
Muun muassa teoksistaan "Oliver Twist" ja "Loistava tulevaisuus" tunnettu kirjailija Charles Dickens
25%
Sudanin länsiosien alue, jossa on käyty aseellista konfliktia vuodesta 2003 lähtien Darfur
24%
Venetsian tasavallan johtajan arvonimi Doge
20%
Antiikin Kreikan kaupunki, jossa Apollonin temppelin oraakkeli toimi Delfoi
19%
Akhaimenidien sukuun kuulunut yksi Persian "suurista" kuninkaista Dareios I
12%
Legendaarinen Karthagon perustaja ja ensimmäinen kuningatar Dido
8%
Ehtoja vastaavia visoja ei löytynyt
Tulosjakauma
Jokaisen tuloksen saaneiden osuus
Persentiili vastausten määrän mukaan
Tuloshistoriasi
Et ole pelannut tätä visaa